| 000 | 00443nam a2200169Ia 4500 | ||
|---|---|---|---|
| 008 | 180921t2015 xxu||||| |||| 00| 1 sin d | ||
| 041 | _asin | ||
| 080 |
_aX8C31 _bRAH |
||
| 100 | _aRahubaddha, Sumithra | ||
| 245 | _aබුමුතුරුණු | ||
| 246 | _aBumuthurunu | ||
| 260 |
_bPlatform For Alternate Culture _aNugegoda _c2015 |
||
| 300 | _a200p., 18cm | ||
| 942 | _cBK | ||
| 999 |
_c7385 _d7385 |
||
| 003 | LK-CoDNM | ||
| 040 |
_aLK-CoDNM _dLK-CoDNM _eLK-CoDNM |
||